|
|
|
|
| LEADER |
00000nab#a22000007a#4500 |
| 001 |
arbauad025066 |
| 003 |
AR-BaUAD |
| 005 |
20250711112105.0 |
| 008 |
970224|||||||||###||||||b###|0###a|spa|| |
| 040 |
|
|
|a AR-BaUAD
|c AR-BaUAD
|b spa
|
| 245 |
1 |
0 |
|a Birth of Pocket Movie Camera
|
| 300 |
0 |
|
|b fot., il., plantas, vistas
|
| 500 |
|
|
|a Cámara pocket de video "GR-DV1".
|
| 653 |
|
|
|a JAPON
|
| 653 |
|
|
|a JVC
|
| 653 |
|
|
|a YOMOGIDA, HIROSHI
|
| 653 |
|
|
|a ARAI, HIROYUKI
|
| 653 |
|
|
|a CAMARAS
|
| 653 |
|
|
|a VIDEO
|
| 653 |
|
|
|a DISEÑO INDUSTRIAL
|
| 773 |
0 |
|
|t DESIGN NEWS
|g no. 233 [1996], p. 20-27
|
| 942 |
|
|
|c ARTI
|
| 952 |
|
|
|0 0
|1 0
|4 0
|7 0
|9 69985
|a AR-BAuAD
|b AR-BAuAD
|d 2025-07-11
|l 0
|p AAQA025066
|r 2025-07-11 11:21:05
|w 2025-07-11
|y ARTI
|
| 990 |
|
|
|a DI199
|b TD
|
| 998 |
|
|
|a AAQ
|b BIBUN76
|
| 999 |
|
|
|c 49658
|d 49658
|